| 000 | 00573nam a2200193Ia 4500 | ||
|---|---|---|---|
| 008 | 150610s9999 xx 000 0 und d | ||
| 020 | _a9780142422014 | ||
| 050 |
_aPZ7 _b.P4317Lol 2011 |
||
| 100 | _aPerkins, Stephanie | ||
| 245 |
_aLola and the boy next door / _cStephanie Perkins. |
||
| 250 | _a1st ed. | ||
| 260 |
_aNew York : _bPenguin Group, _c2011. |
||
| 300 |
_a388pages; _c21 cm. |
||
| 520 | _aFiction. | ||
| 650 |
_aCostume design _xFiction. |
||
| 650 |
_aFathers and daughters _xFiction. |
||
| 650 |
_aIce skating _bFiction. |
||
| 650 |
_aNeighbors _bFiction. |
||
| 999 |
_c287869 _d287869 |
||